000
00296nam a2200109Ia 4500
008
190216s9999||||xx |||||||||||||| ||und||
100
_a
Misra S K & Puri V K
245
0
_a
Development And Planning Theory And Practice
260
_b
Himalaya Publishing House
650
_a
Economics
942
_c
BK
999
_c
9778
_d
9778